Guess the Harry Potter Movies by Scene #4 - Statistics

General Stats
  • This quiz has been taken 122 times
  • The average score is 19 of 20
Answer Stats
Picture Answer % Correct
Chamber of Secrets
100%
Chamber of Secrets
100%
Chamber of Secrets
97%
Chamber of Secrets
97%
Goblet of Fire
94%
Half-Blood Prince
94%
Half-Blood Prince
94%
Order of the Phoenix
94%
Order of the Phoenix
94%
Order of the Phoenix
94%
Order of the Phoenix
94%
Philosopher's Stone
94%
Deathly Hallows – Part 1
91%
Deathly Hallows – Part 2
91%
Goblet of Fire
91%
Half-Blood Prince
91%
Deathly Hallows – Part 1
88%
Deathly Hallows – Part 1
88%
Philosopher's Stone
88%
Prisoner of Azkaban
84%
No matching quizzes found
Score Distribution
Percent of People with Each Score
Percentile by Number Answered
Your Score History
You have not taken this quiz